Un método para resolver problemas de comunicación visual : cómo construir estrategias de comunicación visual y no morir en el intento /
Manual sobre la práctica del diseño gráfico y sobre elementos mercadológicos que el profesional debe de tomar en cuenta en el momento de ofrecer sus ideas e implementarlas en un proyecto de imagen específico.
Gardado en:
| Autor Principal: | |
|---|---|
| Outros autores: | , |
| Formato: | Libro |
| Idioma: | Lingua castelá |
| Publicado: |
México :
Universidad Iberoamericana, Plantel Santa Fe,
2011, c2011
|
| Temas: | |
| Etiquetas: |
Sen Etiquetas, Sexa o primeiro en etiquetar este rexistro!
|
MARC
| LEADER | 00000nam^a2200000^a^4500 | ||
|---|---|---|---|
| 001 | 000318391 | ||
| 005 | 20250521000000.0 | ||
| 009 | 20260310113411.035 | ||
| 020 | |a 978-607-417-168-6 | ||
| 037 | |a Acervo ITESO - Biblioteca | ||
| 041 | |a ESP | ||
| 082 | |a 741. 63 |b ROD | ||
| 100 | |a Rodríguez González, Abelardo |e (autor) | ||
| 240 | 1 | 1 | |a [Sólo para estrategas de la comunicación visual: cómo construir estrategias de comunicación visual y no morir en el intento] |
| 245 | 1 | 3 | |a Un método para resolver problemas de comunicación visual : |b cómo construir estrategias de comunicación visual y no morir en el intento / |c A. Rodríguez González ; pról. de R. Torres Moya, L. Rodríguez Morales. |
| 264 | 4 | |a México : |b Universidad Iberoamericana, Plantel Santa Fe, |c 2011, c2011 | |
| 300 | |a 139 p. | ||
| 336 | |a texto |b txt |2 rdacontenido | ||
| 337 | |a sin mediación |b n |2 rdamedio | ||
| 338 | |a volumen |b nc |2 rdasoporte | ||
| 520 | |a Manual sobre la práctica del diseño gráfico y sobre elementos mercadológicos que el profesional debe de tomar en cuenta en el momento de ofrecer sus ideas e implementarlas en un proyecto de imagen específico. | ||
| 649 | |a XX | ||
| 650 | |a Tipografía | ||
| 650 | |a Logotipos | ||
| 650 | |a Señalización | ||
| 650 | |a Identidad Corporativa - |x Tema Principal | ||
| 650 | |a Diseño Gráfico - |x Metodología | ||
| 650 | |a Comunicación Institucional | ||
| 650 | |a Comunicación Visual | ||
| 700 | |a Torres Maya, Raúl |e (prólogo) | ||
| 700 | |a Rodríguez Morales, Luis |e (prólogo) | ||
| 910 | |a Fondo General | ||
| 920 | |a Impresos - Libros | ||
| 930 | |a Colección General | ||
| 905 | |a 101 | ||
| 901 | |a 0500205486 |b IT1 |c ACC |i D57420 |u 20250521 | ||
| 902 | |a https://opac.biblio.iteso.mx/vufind/Record/000318391 | ||